| 000 | 00427cam a2200169ua 4500 | ||
|---|---|---|---|
| 020 | _c2.00 | ||
| 041 |
_aeng _h |
||
| 082 |
_a320.58 _bGRE/DI |
||
| 100 | _aGregy, Richard B . | ||
| 245 |
_aDiscipline for non violence / _cRichard B Gregy. _hTextual Documents |
||
| 260 |
_aAhmadabad : _bNavajivan publishing house , _c1941. |
||
| 300 | _a36 ; . | ||
| 365 | _a2.00 | ||
| 504 | _a | ||
| 942 | _cBK | ||
| 999 |
_c2363 _d2363 |
||